00554nam a2200193 450000500170000002000290001704000210004608200140006710000230008124500700010425000280017426000460020230000250024850400190027365000180029265000160031065000150032670000190034120251008092142.0 a0195664922cTZS 16,022.4 aMCCLbeng.eAACR a340.1 McC aMcCoubrey, Hilaire aTextbook on jurisprudencec/ Hilaire McCoubrey and Nigel D. White a3rd ed.bIndian edition aOxford : bOxford University Presscc1999 aix, 335 p. ;c24 cm. aIncludes index aJurisprudence aPure theory aLaw theory aWhite Nigel D.